000 00663nam a2200145Ia 4500
008 100415s9999 xx 000 0 und d
082 _b20867
_a595.7
100 _aSRIVASTAVA,K.P.
245 _aTextbook of applied entomology: agricultural, veterinary, medical, industrial, forest and forensic entomology. vol.II
260 _aLUDHIANA
_c1993
_bKALYANI PUBLISHERS
365 _b1
630 _aTextbook of applied entomology: agricultural, veterinary, medical, industrial, forest and forensic entomology. vol.II
730 _aTextbook of applied entomology: agricultural, veterinary, medical, industrial, forest and forensic entomology. vol.II
942 _cBOOK
999 _c603749
_d603746